Current-to-Frequency Converters with Operational Amplifiers

Bibliographic Details
Main Author: Hribik, Ján, 1948- (Author)
Format: Article
Language:Slovak
English
PhysicalDescription:Obr. 5, res. angl., lit. 4 zázn. v angl., nem.
Subjects:

MARC

LEADER 00000nab a2200000 a 4500
001 vtls000617269
003 SK-MaSNL
005 20260304092511.0
008 250425c1996 xo 0 slo
015 |a SNBRB19rr/mm-uuuuu 
035 |a CL0617408 
035 |a urn:nbn:sk:snk-abgah 
035 |a (urnnbn)urn:nbn:sk:snk:ar-a03ryx 
035 |a (uuid)3ebbe9b3-b287-44cb-9f5a-d9cdd7c12ae9 
040 |a SNKBUCL  |b slo  |c SNKBUCL  |e AACR2 
041 0 |a eng 
044 |a xo  |c SK 
080 |a 621.314:621.375  |2 1981 
080 |a 621.375  |2 1981 
100 1 |a Hribik, Ján,  |d 1948-  |4 aut  |9 17189 
245 1 0 |a Current-to-Frequency Converters with Operational Amplifiers  |c Ján Hribik 
300 |b Obr. 5, res. angl., lit. 4 zázn. v angl., nem. 
500 |a Životopisné údaje 
650 0 7 |a prevodníky prúd-frekvencia  |2 snkbucl  |9 1375178 
650 0 7 |a operačné zosilňovače  |2 snkbucl  |9 84000 
655 7 |a články z novín a časopisov  |2 snkbucl  |9 267496 
773 0 |t Journal of electrical engineering  |g Roč. 47, č. 11-12 (1996), s. 295-299 
850 |a Slovenská národná knižnica 
852 |a Slovenská národná knižnica 
958 |a article27 
958 |a RK 
958 |a OND 
958 |a EUIPO 
999 |c 2819331  |d 2821261